|
|
|
|
| LEADER |
02429nam a2200613 4500 |
| 001 |
ocn775861817 |
| 003 |
OCoLC |
| 005 |
20170124071720.1 |
| 006 |
m o d |
| 007 |
cr |n||||||||| |
| 008 |
110818s2011 nju ob 001 0 eng d |
| 040 |
|
|
|a CDX
|b eng
|e pn
|c CDX
|d OCLCQ
|d CUS
|d DG1
|d OCLCQ
|d OCLCF
|d OCLCQ
|d OCLCO
|d YDXCP
|d OCLCQ
|d GrThAP
|
| 020 |
|
|
|a 9781444354959
|q (electronic bk.)
|
| 020 |
|
|
|a 1444354957
|q (electronic bk.)
|
| 020 |
|
|
|z 9781405198066
|q (Cloth)
|
| 020 |
|
|
|z 1405198060
|q (Cloth)
|
| 024 |
8 |
|
|a 9786613435705
|
| 029 |
1 |
|
|a GBVCP
|b 790035871
|
| 029 |
1 |
|
|a NLGGC
|b 389620599
|
| 029 |
1 |
|
|a NZ1
|b 15900707
|
| 035 |
|
|
|a (OCoLC)775861817
|
| 037 |
|
|
|a 343570
|b MIL
|
| 050 |
|
4 |
|a PR830.T3
|b C653 2012eb
|
| 082 |
0 |
4 |
|a 823.087
|2 23
|
| 049 |
|
|
|a MAIN
|
| 245 |
0 |
2 |
|a A new companion to the Gothic /
|c edited by David Punter.
|
| 264 |
|
1 |
|a Hoboken, NJ :
|b Wiley-Blackwell,
|c 2012.
|
| 300 |
|
|
|a 1 online resource.
|
| 336 |
|
|
|a text
|b txt
|2 rdacontent
|
| 337 |
|
|
|a computer
|b c
|2 rdamedia
|
| 338 |
|
|
|a online resource
|b cr
|2 rdacarrier
|
| 490 |
1 |
|
|a Blackwell companions to literature and culture
|
| 504 |
|
|
|a Includes bibliographical references and index.
|
| 588 |
0 |
|
|a Print version record.
|
| 650 |
|
0 |
|a Horror tales, English
|x History and criticism.
|
| 650 |
|
0 |
|a Gothic revival (Literature)
|z English-speaking countries.
|
| 650 |
|
0 |
|a Psychoanalysis and literature
|z English-speaking countries.
|
| 650 |
|
0 |
|a Horror tales, American
|x History and criticism.
|
| 650 |
|
0 |
|a Psychological fiction
|x History and criticism.
|
| 650 |
|
0 |
|a Ghost stories
|x History and criticism.
|
| 650 |
|
7 |
|a Ghost stories.
|2 fast
|0 (OCoLC)fst00942396
|
| 650 |
|
7 |
|a Gothic revival (Literature)
|2 fast
|0 (OCoLC)fst00945084
|
| 650 |
|
7 |
|a Horror tales, American.
|2 fast
|0 (OCoLC)fst00960399
|
| 650 |
|
7 |
|a Horror tales, English.
|2 fast
|0 (OCoLC)fst00960411
|
| 650 |
|
7 |
|a Psychoanalysis and literature.
|2 fast
|0 (OCoLC)fst01081273
|
| 650 |
|
7 |
|a Psychological fiction.
|2 fast
|0 (OCoLC)fst01081344
|
| 651 |
|
7 |
|a English-speaking countries.
|2 fast
|0 (OCoLC)fst01261775
|
| 655 |
|
4 |
|a Electronic books.
|
| 655 |
|
7 |
|a Criticism, interpretation, etc.
|2 fast
|0 (OCoLC)fst01411635
|
| 700 |
1 |
|
|a Punter, David.
|
| 776 |
0 |
8 |
|i Print version:
|z 9786613435705
|w (DLC) 2011031976
|
| 830 |
|
0 |
|a Blackwell companions to literature and culture.
|
| 856 |
4 |
0 |
|u https://doi.org/10.1002/9781444354959
|z Full Text via HEAL-Link
|
| 994 |
|
|
|a 92
|b DG1
|